Culture Générale - Série 1913 - Statistiques

Statistiques générales
  • Ce quiz a été pris 98 fois
  • Le résultat moyen est 4 sur 10
Statistiques - réponses
Hint Réponse % Correct
Quel anglicisme désigne dans une compétition sportive, par exemple, celui qui n'est pas le favori ? outsider
84%
Quel est le chef-lieu du département des Hautes-Alpes ? Gap
76%
Quand l'abcès sur un doigt de la main ou du pied s'aggrave, il devient un .... panaris
64%
Ensemble de deux rubans qui s'agrippent par contact et qui servent à la fermeture de vêtements, de sacs - on parle de bande ... velcro
64%
Le "caracal" est un animal connu également sous le nom de ... voir photo lynx
61%
De quel pays est originaire le cheval appelé "genêt" ? Espagne
28%
Comment appelle-t-on la tenture fixée au-dessus d'un autel, d'un trône ou d'un lit, synonyme de "ciel, baldaquin" ? dais
15%
Le refief, situé en Grèce, où Héraclès aurait péri dans les flammes, s'appelle : le mont ... Oeta
15%
Quel mot d'origine italienne désigne un guide touristique dans les musées, galeries ? cicérone
5%
Quel mot familier et désuet désigne un apprenti dans un atelier d'artiste peintre ou un peintre au talent douteux ? rapin
5%
Aucun quiz correspondant
Distribution des résultats
% des personnes avec chaque résultat
Percentile par nombre de réponses
Votre historique - résultats
Vous n’avez pas pris ce quiz